000 00498nam a2200193Ia 4500
008 240729s9999 xx 000 0 und d
022 _a2090-3049
245 0 _aJournal of Lipids
260 _aUnited Kingdom
260 _bHindawi Limited
650 _a Biochemistry
650 _a Chemistry
650 _a Organic chemistry
650 _a Physiology | Science
650 _aScience
856 _uhttps://doaj.org/toc/3b0ccfc75a9d465aabec6e27f3592cfb
942 _2ddc
942 _cDOAJEJ
999 _c71766
_d71766
945 _a1
_bMadushi Gamage
_c1
_dMadushi Gamage